Funny Money Quiz Stats

 Plays Quiz Updated Dec 30, 2013

Challenge
Share
Tweet
Score 0/25 Timer 04:00
0 Plays Today
% Correct
Spiderman
98.9%
Batman
96.1%
Frankenstein's Monster
95%
Elvis Presley
94.8%
Ronald McDonald
94.3%
Spock
91.2%
The Tin Man
88.2%
Sarah Palin
87.2%
Albert Einstein
87.1%
Mr. T
87.1%
Leonardo (TMNT)
84.2%
Mario
84.1%
Princess Leia
83%
% Correct
Colonel Sanders (KFC)
80.7%
Gene Simmons
80.6%
The Flash
76.4%
Ozzy Osbourne
74.1%
The Mad Hatter
71.2%
Justin Bieber
67.1%
Hannibal Lecter
61%
Gary Coleman
54.6%
Jimi Hendrix
54%
The Wolf Man
53.4%
Hugh Hefner
39.5%
George Clinton
20.6%

You're not logged in!

Compare scores with friends on all Sporcle quizzes.
OR
Log In

You Might Also Like...

Show Comments

Extras

Top Quizzes Today


Score Distribution

Your Account Isn't Verified!

In order to create a playlist on Sporcle, you need to verify the email address you used during registration. Go to your Sporcle Settings to finish the process.

Report this User

Report this user for behavior that violates our Community Guidelines.

Details: